000 00611nam a2200169 a 4500
008 120416s1963 ||||||||||||||||| || u
050 _aQA 564 Bak
100 _aBaker, W. M
245 1 0 _aAlgebraic geometry
246 _aa treatise on analytical conic sections
260 _aLondon
_bG. Bell and Sons
_c1963
300 _a(5) xxiii,325p.
350 _a0.00
650 _aGeometry,Algebraic
650 0 _aMATHEMATICS--HANDBOOKS, MANUALS, ETC
995 _D0.00
_FCBU-MAIN LIBRARY (Kitwe)
_H1
_I1.10
_M1
_ULOST
_VMar 7, 2013
_ZMain Library Open Access Collection
999 _c34070
_d34070